| 000 | 00549nam a2200193Ia 4500 | ||
|---|---|---|---|
| 003 | GCL | ||
| 008 | 140319s9999 xx 000 0 eng d | ||
| 040 |
_aGCL / _cGCL |
||
| 082 | 0 | 4 |
_a570.3 _bC L |
| 100 | 1 | _aCURTIS, NEIL | |
| 245 | 1 | 0 |
_aLONGMAN BIOLOGY HANDBOOK: LIVING ORGANISM IN ALL FORMS EXPLAINED AND ILLUSTRATED / _cCURTIS, NEIL |
| 260 |
_a[S.N] : _bLONGMAN GROUP UK LIMITED ، _c1985 |
||
| 300 | _a256 P | ||
| 650 | 0 | 4 | _aGENETICS |
| 650 | 0 | 4 | _aECOLOGY |
| 650 | 0 | 4 | _aBIOLOGY |
| 650 | 0 | 4 | _aENCYCLOPEDIAS AND DICTIONARIES |
| 942 |
_2ddc _cBK |
||
| 999 |
_c21774 _d21774 |
||